Application of predictive models in selected companies

Finančné zdravie podniku a možnosti jeho monitorovania. Ohlsonovo O-skóre a súvahová analýza Rudolfa Doucha.

Uložené v:
Podrobná bibliografia
Hlavný autor: Beslerová, Stela
Ďalší autori: Dzuričková, Jana
Médium: Kapitola
Jazyk:English
Predmet:
Tagy: Pridať tag
Žiadne tagy, Buďte prvý, kto otaguje tento záznam!

MARC

LEADER 00000naa a2200000 4500
001 0213268
005 20240502073542.4
041 0 |a eng 
044 |a SK 
245 1 0 |a Application of predictive models in selected companies  |c Stela Beslerová, Jana Dzurčiková 
520 |a Finančné zdravie podniku a možnosti jeho monitorovania. Ohlsonovo O-skóre a súvahová analýza Rudolfa Doucha. 
610 2 0 |a analýzy 
610 2 0 |a analýza finančná 
610 2 0 |a prognózy hospodárske 
610 2 0 |a financie podnikové 
100 1 |a Beslerová, Stela 
700 1 |a Dzuričková, Jana